Summary of experimental studies, at CERN, on a positron source using crystal effects; Nuclear Instruments and Methods in Physics Research Section B: Beam Interactions with Materials and Atoms; Vol. 240, iss. 3
| Parent link: | Nuclear Instruments and Methods in Physics Research Section B: Beam Interactions with Materials and Atoms: Scientific Journal.— , 1984- Vol. 240, iss. 3.— 2005.— [P. 762-776] |
|---|---|
| Other Authors: | , , , , , , , , , , , , , , , , , , , , , , , , , , , |
| Summary: | Title screen A new kind of positron sources for future linear colliders, where the converter is an aligned tungsten crystal, oriented on the <1 1 1>-axis, has been studied at CERN in the WA103 experiment with tertiary electron beams from the SPS. In such sources the photons resulting from channeling radiation and coherent bremsstrahlung create the e+e- pairs. Режим доступа: по договору с организацией-держателем ресурса |
| Language: | English |
| Published: |
2005
|
| Subjects: | |
| Online Access: | http://dx.doi.org/10.1016/j.nimb.2005.04.134 |
| Format: | Electronic Book Chapter |
| KOHA link: | https://koha.lib.tpu.ru/cgi-bin/koha/opac-detail.pl?biblionumber=646413 |
MARC
| LEADER | 00000naa0a2200000 4500 | ||
|---|---|---|---|
| 001 | 646413 | ||
| 005 | 20250121131633.0 | ||
| 035 | |a (RuTPU)RU\TPU\network\11549 | ||
| 090 | |a 646413 | ||
| 100 | |a 20160229d2005 k||y0rusy50 ba | ||
| 101 | 0 | |a eng | |
| 135 | |a drcn ---uucaa | ||
| 181 | 0 | |a i | |
| 182 | 0 | |a b | |
| 200 | 1 | |a Summary of experimental studies, at CERN, on a positron source using crystal effects |f X. Artru, V. Baier, K. Beloborodov [et al.] | |
| 203 | |a Text |c electronic | ||
| 300 | |a Title screen | ||
| 330 | |a A new kind of positron sources for future linear colliders, where the converter is an aligned tungsten crystal, oriented on the <1 1 1>-axis, has been studied at CERN in the WA103 experiment with tertiary electron beams from the SPS. In such sources the photons resulting from channeling radiation and coherent bremsstrahlung create the e+e- pairs. | ||
| 333 | |a Режим доступа: по договору с организацией-держателем ресурса | ||
| 461 | |t Nuclear Instruments and Methods in Physics Research Section B: Beam Interactions with Materials and Atoms |o Scientific Journal |d 1984- | ||
| 463 | |t Vol. 240, iss. 3 |v [P. 762-776] |d 2005 | ||
| 610 | 1 | |a электронный ресурс | |
| 610 | 1 | |a труды учёных ТПУ | |
| 701 | 1 | |a Artru |b X. | |
| 701 | 1 | |a Baier |b V. | |
| 701 | 1 | |a Beloborodov |b K. | |
| 701 | 1 | |a Bogdanov |b A. V. |c physicist |c Senior Lecturer of Tomsk Polytechnic University |f 1974- |g Aleksey Viktorovich |3 (RuTPU)RU\TPU\pers\34312 |9 17821 | |
| 701 | 1 | |a Bukin |b A. | |
| 701 | 1 | |a Burdin |b S. | |
| 701 | 1 | |a Chehab |b R. | |
| 701 | 1 | |a Chevallier |b M. | |
| 701 | 1 | |a Cizeron |b R. | |
| 701 | 1 | |a Dauvergne |b D. | |
| 701 | 1 | |a Dimova |b T. | |
| 701 | 1 | |a Druzhinin |b V. | |
| 701 | 1 | |a Dubrovin |b M. | |
| 701 | 1 | |a Gatignon |b L. | |
| 701 | 1 | |a Golubev |b V. | |
| 701 | 1 | |a Jejcic |b A. | |
| 701 | 1 | |a Keppler |b P. | |
| 701 | 1 | |a Kirsch |b R. | |
| 701 | 1 | |a Kulibaba |b V. | |
| 701 | 1 | |a Lautesse |b Ph. | |
| 701 | 1 | |a Major |b J. | |
| 701 | 1 | |a Poizat |b J.-C. | |
| 701 | 1 | |a Potylitsyn |b A. P. |c Russian physicist |c Professor of the TPU |f 1945- |g Alexander Petrovich |3 (RuTPU)RU\TPU\pers\26306 |9 12068 | |
| 701 | 1 | |a Remillieux |b J. | |
| 701 | 1 | |a Serednyakov |b S. | |
| 701 | 1 | |a Shary |b V. | |
| 701 | 1 | |a Strakhovenko |b V. | |
| 701 | 1 | |a Sylvia |b C. | |
| 801 | 2 | |a RU |b 63413507 |c 20220405 |g RCR | |
| 856 | 4 | |u http://dx.doi.org/10.1016/j.nimb.2005.04.134 | |
| 942 | |c CF | ||